Water & soil management tips for sustainable & intensive aquaculture : a field guide book

Bibliographic Details
Main Author: Datta, Subhendu (Author)
Format: Book
Language:English
Published: Kolkata : Independently Published 2019
Subjects:

MARC

LEADER 00000cam a2200000 7i4500
001 0000099024
005 20211102093000.0
008 200812s2019 ii eng
020 |a 1092715193 
020 |a 9781092715195 
040 |a UniSZA   |e rda 
050 0 0 |a S599.A1   |b D38 2019 
090 0 0 |a S599.A1   |b D38 2019 
100 1 |a Datta, Subhendu ,   |e author 
245 1 0 |a Water & soil management tips for sustainable & intensive aquaculture :   |b a field guide book   |c Dr Subhemdu Datta 
264 1 |a Kolkata :   |b Independently Published   |c 2019 
300 |a 68pages :   |b colour illustrations ;   |c 23cm. 
336 |a text  |2 rdacontent 
337 |a unmediated  |2 rdamedia 
338 |a volume  |2 rdacarrier 
505 0 |a 1. Management of water quality parameters of fish ponds -- 2. Management of soil sediment 
650 0 |a Agricultural ecology 
650 0 |a Soil management 
650 0 |a Soils   |x Quality. 
650 0 |a Water quality management 
999 |a 1000180377   |b Book   |c Open Shelf (1 Day)   |e Tembila Campus